[Event "Madrid ch Veteranos 2012-2013"]
[Site "Madrid ESP"]
[Date "2012.11.05"]
[Round "1.1"]
[White "Corredor Gonzalez, Angel L"]
[Black "Pastor Alonso De Prado, Albert"]
[Result "0-1"]
[WhiteElo "1760"]
[BlackElo "2143"]
[PlyCount "56"]
[EventDate "2012.11.05"]
[EventType "swiss"]
[EventRounds "9"]
[EventCountry "ESP"]
[Source "lmi"]
[SourceDate "2012.11.05"]

1. e4 e5 2. Nf3 Nc6 3. Bb5 Nf6 4. O-O Nxe4 5. d4 Nd6 6. Bxc6 bxc6 7. dxe5 Nb7
8. Bg5 Be7 9. Bxe7 Qxe7 10. Nc3 O-O 11. Re1 a5 12. Ne4 d5 13. exd6 cxd6 14.
Neg5 Qf6 15. Qd3 Bf5 16. Qc4 d5 17. Qf4 h6 18. Nh3 g5 19. Qe5 Kg7 20. c3 Nc5
21. Nd4 Bd7 22. Re3 Qxe5 23. Rxe5 Kf6 24. Re3 Rfe8 25. Rae1 Nd3 26. Rxe8 Rxe8
27. Rxe8 Bxe8 28. b3 g4 0-1

[Event "Madrid ch Veteranos 2012-2013"]
[Site "Madrid ESP"]
[Date "2012.11.05"]
[Round "1.2"]
[White "Gonzalez Mateos, Rafael"]
[Black "Rodriguez Bachiller, Luis"]
[Result "1-0"]
[WhiteElo "2128"]
[BlackElo "1756"]
[PlyCount "63"]
[EventDate "2012.11.05"]
[EventType "swiss"]
[EventRounds "9"]
[EventCountry "ESP"]
[Source "lmi"]
[SourceDate "2012.11.05"]

1. d4 d5 2. c3 e6 3. Nf3 Nf6 4. Bg5 Nbd7 5. Nbd2 Be7 6. Qc2 h6 7. Bh4 O-O 8. e3
c6 9. Bd3 c5 10. O-O-O c4 11. Be2 b5 12. Rdg1 a5 13. g4 Nh7 14. Bxe7 Qxe7 15.
h4 f5 16. gxf5 exf5 17. Rg2 b4 18. Rhg1 Rf7 19. Nxc4 bxc3 20. Nce5 cxb2+ 21.
Qxb2 Rb8 22. Nc6 Rxb2 23. Nxe7+ Rxe7 24. Kxb2 f4 25. Bb5 fxe3 26. fxe3 Ndf6 27.
Ne5 Bf5 28. a4 Rc7 29. Rc1 Rxc1 30. Kxc1 Ne4 31. Nc6 Nhf6 32. Ne7+ 1-0

[Event "Madrid ch Veteranos 2012-2013"]
[Site "Madrid ESP"]
[Date "2012.11.05"]
[Round "1.3"]
[White "Roldan Garcia, Angel"]
[Black "Estrada Martinez, Cesar"]
[Result "0-1"]
[WhiteElo "1755"]
[BlackElo "2085"]
[PlyCount "44"]
[EventDate "2012.11.05"]
[EventType "swiss"]
[EventRounds "9"]
[EventCountry "ESP"]
[Source "lmi"]
[SourceDate "2012.11.05"]

1. e4 c5 2. c3 g6 3. Nf3 Bg7 4. d4 cxd4 5. cxd4 d5 6. exd5 Nf6 7. Nc3 Nxd5 8.
Bc4 Nb6 9. Bb3 Nc6 10. d5 Na5 11. Be3 O-O 12. Bd4 Nxb3 13. Qxb3 Bxd4 14. Nxd4
e6 15. O-O exd5 16. Rfd1 Be6 17. Nce2 Qf6 18. Qg3 Rac8 19. Rd3 Nc4 20. b3 Ne5
21. Re3 Nc6 22. Rd1 Nxd4 0-1

[Event "Madrid ch Veteranos 2012-2013"]
[Site "Madrid ESP"]
[Date "2012.11.05"]
[Round "1.4"]
[White "Cabanas Bravo, Juan Andres"]
[Black "Maseda Iglesias, Luis"]
[Result "1-0"]
[WhiteElo "2077"]
[BlackElo "1741"]
[PlyCount "31"]
[EventDate "2012.11.05"]
[EventType "swiss"]
[EventRounds "9"]
[EventCountry "ESP"]
[Source "lmi"]
[SourceDate "2012.11.05"]

1. e4 c6 2. d4 d5 3. f3 dxe4 4. fxe4 e5 5. Nf3 Bg4 6. Bc4 Nf6 7. Bxf7+ Kxf7 8.
Nxe5+ Ke8 9. Nxg4 Nxe4 10. O-O Be7 11. c3 Nd7 12. Qb3 Rf8 13. Rxf8+ Kxf8 14.
Na3 h5 15. Qe6 Nxc3 16. Nh6 1-0

[Event "Madrid ch Veteranos 2012-2013"]
[Site "Madrid ESP"]
[Date "2012.11.05"]
[Round "1.5"]
[White "Martinez Miura, Enrique"]
[Black "Gil Sierra, Jacinto"]
[Result "0-1"]
[WhiteElo "1735"]
[BlackElo "2053"]
[PlyCount "104"]
[EventDate "2012.11.05"]
[EventType "swiss"]
[EventRounds "9"]
[EventCountry "ESP"]
[Source "lmi"]
[SourceDate "2012.11.05"]

1. e4 c5 2. c4 Nc6 3. Nc3 g6 4. g3 Bg7 5. Bg2 d6 6. Nge2 Bg4 7. f3 Bd7 8. d3 a6
9. O-O e6 10. Be3 Nd4 11. Bf2 Ne7 12. Nxd4 Bxd4 13. Bxd4 cxd4 14. Ne2 e5 15.
Kh1 O-O 16. Qd2 Kg7 17. f4 f6 18. Rf2 Nc6 19. Raf1 Qa5 20. Qxa5 Nxa5 21. fxe5
fxe5 22. Rxf8 Rxf8 23. Rxf8 Kxf8 24. Kg1 b5 25. b3 Nc6 26. a3 Na5 27. Nc1 bxc4
28. bxc4 Ke7 29. Kf2 Kd8 30. Ke2 Kc7 31. Na2 Nb3 32. Nb4 Kb7 33. Kd1 Bg4+ 34.
Ke1 Kb6 35. h3 Be6 36. Kd1 Nc5 37. Bf1 Ka5 38. Kc2 g5 39. g4 Bd7 40. Be2 h6 41.
Bf3 Ne6 42. Nd5 Bc6 43. Nf6 Ka4 44. Kb2 Nf4 45. Ng8 Nxd3+ 46. Ka2 Nf2 47. Nxh6
Bxe4 48. Bxe4 Nxe4 49. Nf5 d3 50. Ne3 Nf2 51. Kb2 Nxh3 52. Nd5 Nf2 0-1

[Event "Madrid ch Veteranos 2012-2013"]
[Site "Madrid ESP"]
[Date "2012.11.05"]
[Round "1.6"]
[White "Lorite Cruz, Francisco"]
[Black "Perez Cristobal, Alberto"]
[Result "1-0"]
[WhiteElo "2046"]
[BlackElo "1728"]
[PlyCount "77"]
[EventDate "2012.11.05"]
[EventType "swiss"]
[EventRounds "9"]
[EventCountry "ESP"]
[Source "lmi"]
[SourceDate "2012.11.05"]

1. e4 e6 2. d4 d5 3. Nc3 dxe4 4. Nxe4 Nf6 5. Nxf6+ Qxf6 6. Nf3 h6 7. Be3 Bd6 8.
Bd3 Nd7 9. Nd2 Qd8 10. Qg4 Bf8 11. O-O Nf6 12. Qg3 Bd7 13. f3 Nh5 14. Qf2 Be7
15. Nc4 O-O 16. Rad1 c6 17. Ne5 Be8 18. c4 Qc7 19. Bb1 Bd6 20. g4 Nf6 21. Nd3
b6 22. c5 bxc5 23. dxc5 Be7 24. Qc2 Nd5 25. Nf4 f5 26. Nxd5 cxd5 27. b4 Bg6 28.
Rfe1 Rf6 29. g5 f4 30. Qe2 hxg5 31. Bd4 Bxb1 32. Bxf6 Bxf6 33. Qxe6+ Qf7 34.
Qxf7+ Kxf7 35. Rxb1 Bc3 36. Red1 d4 37. b5 Ke6 38. Rb3 Kd5 39. Rxc3 1-0

[Event "Madrid ch Veteranos 2012-2013"]
[Site "Madrid ESP"]
[Date "2012.11.05"]
[Round "1.7"]
[White "Pardinas Riano, Emilio"]
[Black "Fuentes Arjona, Antonio"]
[Result "0-1"]
[WhiteElo "1728"]
[BlackElo "2008"]
[PlyCount "128"]
[EventDate "2012.11.05"]
[EventType "swiss"]
[EventRounds "9"]
[EventCountry "ESP"]
[Source "lmi"]
[SourceDate "2012.11.05"]

1. e4 c5 2. Nf3 Nc6 3. d4 cxd4 4. Nxd4 g6 5. Be2 Nf6 6. Nc3 Bg7 7. Be3 O-O 8.
O-O d5 9. exd5 Nxd5 10. Nxd5 Qxd5 11. Bf3 Qc4 12. Nxc6 bxc6 13. c3 Be6 14. Qc1
Bd5 15. Bxd5 cxd5 16. Bh6 Rab8 17. Bxg7 Kxg7 18. Re1 e6 19. b3 Qc5 20. Qe3 Rfc8
21. Rac1 Rb7 22. Qe5+ Kg8 23. h3 Rbc7 24. Red1 Qa5 25. Rd2 Rxc3 26. Rxc3 Qxc3
27. Qe1 d4 28. Qe2 e5 29. Rd3 Qc1+ 30. Rd1 Qc2 31. Rd2 Qb1+ 32. Kh2 Qf5 33. g3
Rc3 34. Kg2 d3 35. Qe3 e4 36. f3 exf3+ 37. Qxf3 Rc2 38. Qe3 Qd5+ 39. Kf2 Rc6
40. Qxd3 Qxd3 41. Rxd3 Rc2+ 42. Ke3 Rxa2 43. Kd4 h5 44. h4 Kg7 45. Ke5 Re2+ 46.
Kf4 Rf2+ 47. Ke3 Rb2 48. Kd4 Kf6 49. Kc3 Ra2 50. Rf3+ Ke6 51. Re3+ Kd6 52. Rd3+
Kc6 53. Re3 Rf2 54. Kd4 Kb5 55. Kc3 Rf5 56. Rd3 a5 57. Re3 Rc5+ 58. Kb2 f6 59.
Re6 Rf5 60. Re3 g5 61. hxg5 fxg5 62. Kc3 g4 63. Kd4 Kb4 64. Ke4 Rf3 0-1

[Event "Madrid ch Veteranos 2012-2013"]
[Site "Madrid ESP"]
[Date "2012.11.05"]
[Round "1.8"]
[White "Lopez Heras, Arturo"]
[Black "Alfageme Sanchez, Jesus"]
[Result "1-0"]
[WhiteElo "1952"]
[BlackElo "1720"]
[PlyCount "71"]
[EventDate "2012.11.05"]
[EventType "swiss"]
[EventRounds "9"]
[EventCountry "ESP"]
[Source "lmi"]
[SourceDate "2012.11.05"]

1. e4 d6 2. d4 Nd7 3. Nc3 e5 4. d5 Ngf6 5. Be2 Be7 6. Be3 Nb6 7. g4 h6 8. h4 a6
9. f3 Nh7 10. Bf2 Bd7 11. Qd2 g5 12. hxg5 Bxg5 13. Be3 Bh4+ 14. Kd1 Bg5 15. Nh3
Qf6 16. Nxg5 Nxg5 17. Rf1 Qg7 18. Kc1 f6 19. b3 Nh3 20. Kb2 Nf4 21. Bxf4 exf4
22. Qxf4 Qg5 23. Qc1 Qg6 24. Rh1 O-O-O 25. Bd3 Qg7 26. Qd2 Be8 27. Rag1 Nd7 28.
Kb1 Ne5 29. Qe3 Nxd3 30. Qxd3 Qg5 31. Ne2 Qe5 32. Qe3 Qg5 33. f4 Qg7 34. Qa7 c6
35. Nd4 c5 36. Qa8+ 1-0

[Event "Madrid ch Veteranos 2012-2013"]
[Site "Madrid ESP"]
[Date "2012.11.05"]
[Round "1.9"]
[White "Rodriguez Gomez, Jose"]
[Black "Camarero Izquierdo, Juan C"]
[Result "0-1"]
[WhiteElo "1709"]
[BlackElo "1942"]
[PlyCount "72"]
[EventDate "2012.11.05"]
[EventType "swiss"]
[EventRounds "9"]
[EventCountry "ESP"]
[Source "lmi"]
[SourceDate "2012.11.05"]

1. e4 c5 2. c4 Nc6 3. Nf3 d6 4. Nc3 Nf6 5. d3 Bg4 6. Be2 g6 7. a3 Bg7 8. Rb1
O-O 9. O-O Bxf3 10. Bxf3 Nd4 11. Bd2 Nd7 12. b4 Ne5 13. Be2 b6 14. Bg5 h6 15.
Be3 f5 16. Qd2 Kh7 17. Nd5 g5 18. f4 Nxe2+ 19. Qxe2 Ng4 20. Bd2 e6 21. exf5
Bd4+ 22. Ne3 exf5 23. Qf3 Re8 24. Rbe1 Qe7 25. fxg5 Qxg5 26. Qb7+ Qg7 27. Qxg7+
Kxg7 28. Rf3 f4 29. Rxf4 Nxe3 30. Kh1 Nc2 31. Ref1 Re2 32. Bc1 Rae8 33. bxc5
dxc5 34. h3 Re1 35. a4 Rxf1+ 36. Rxf1 Re1 0-1

[Event "Madrid ch Veteranos 2012-2013"]
[Site "Madrid ESP"]
[Date "2012.11.05"]
[Round "1.10"]
[White "Garcia Esteban, Ignacio"]
[Black "Poblador Dieguez, Alfredo"]
[Result "1-0"]
[WhiteElo "1941"]
[BlackElo "1680"]
[PlyCount "107"]
[EventDate "2012.11.05"]
[EventType "swiss"]
[EventRounds "9"]
[EventCountry "ESP"]
[Source "lmi"]
[SourceDate "2012.11.05"]

1. e4 c5 2. c3 a6 3. Nf3 d5 4. exd5 Qxd5 5. Be2 Nf6 6. O-O Bf5 7. d4 cxd4 8.
Nxd4 Bxb1 9. Rxb1 Nc6 10. Nxc6 Qxc6 11. Bf3 Qc7 12. Qb3 Rb8 13. Be3 b5 14. a4
e6 15. axb5 axb5 16. Ra1 Bc5 17. Rfe1 Bxe3 18. Rxe3 O-O 19. g3 Rfd8 20. Rd1
Rxd1+ 21. Qxd1 g6 22. Rd3 b4 23. Qd2 bxc3 24. Rxc3 Qb6 25. b3 h5 26. h3 Kg7 27.
Rd3 Qb4 28. Qe3 Qb6 29. Qd2 Qb4 30. Qd1 Ne8 31. Qb1 Qa3 32. Qc2 Qa1+ 33. Kg2
Qe1 34. Qb2+ Nf6 35. g4 hxg4 36. hxg4 g5 37. Re3 Qb4 38. Re5 Rb5 39. Rxb5 Qxb5
40. Qc3 e5 41. Bd1 Qd5+ 42. Bf3 e4 43. Be2 Kg6 44. Qe3 Qe6 45. Qg3 Nd5 46. Bc4
Nf4+ 47. Qxf4 gxf4 48. Bxe6 fxe6 49. b4 Kg5 50. b5 Kxg4 51. b6 e3 52. fxe3 fxe3
53. Kf1 Kf3 54. Ke1 1-0

[Event "Madrid ch Veteranos 2012-2013"]
[Site "Madrid ESP"]
[Date "2012.11.05"]
[Round "1.11"]
[White "Fernandez- Bujarrabal V., Pedr"]
[Black "Moragrega Herrero, Juan Jose"]
[Result "0-1"]
[WhiteElo "1677"]
[BlackElo "1922"]
[PlyCount "76"]
[EventDate "2012.11.05"]
[EventType "swiss"]
[EventRounds "9"]
[EventCountry "ESP"]
[Source "lmi"]
[SourceDate "2012.11.05"]

1. e4 e6 2. d4 d5 3. e5 c5 4. c3 Nc6 5. Nf3 Qb6 6. Bd3 h6 7. O-O Bd7 8. a3 cxd4
9. cxd4 Nxd4 10. Nxd4 Qxd4 11. Qe2 Ne7 12. Kh1 Nc6 13. f4 g6 14. Nc3 Qb6 15. b4
Qc7 16. Nb5 Qb8 17. Be3 Be7 18. Rac1 a6 19. Nd4 O-O 20. Qg4 Kh7 21. Qh3 Rh8 22.
f5 exf5 23. Nxf5 Bxf5 24. Bxf5 Kg7 25. Bxg6 fxg6 26. Qe6 Qe8 27. Rf3 Bg5 28.
Qxd5 Rd8 29. Qe4 Bxe3 30. Rxe3 Qe6 31. h3 Rd5 32. Rc5 Rxc5 33. bxc5 Re8 34. Qf3
Re7 35. Qf4 Nxe5 36. Qd4 Qf6 37. Qd8 Rd7 38. Qxf6+ Kxf6 0-1

[Event "Madrid ch Veteranos 2012-2013"]
[Site "Madrid ESP"]
[Date "2012.11.05"]
[Round "1.13"]
[White "Castro Uceda, Jose Antonio"]
[Black "Garcia Martin, Juan Manuel"]
[Result "1/2-1/2"]
[WhiteElo "1647"]
[BlackElo "1874"]
[PlyCount "128"]
[EventDate "2012.11.05"]
[EventType "swiss"]
[EventRounds "9"]
[EventCountry "ESP"]
[Source "lmi"]
[SourceDate "2012.11.05"]

1. d4 Nf6 2. c4 e5 3. dxe5 Ng4 4. Nf3 Bc5 5. e3 Nc6 6. Nc3 Ngxe5 7. Nxe5 Nxe5
8. e4 d6 9. Be2 Be6 10. Qb3 Bb6 11. Nd5 Nc6 12. Qg3 Bd4 13. Rb1 Be5 14. Bf4
Bxf4 15. Qxf4 Ne5 16. b3 c6 17. Nc3 Ng6 18. Qg3 Qa5 19. O-O O-O 20. b4 Qc7 21.
Rfd1 Rfd8 22. c5 f6 23. Rxd6 Rxd6 24. Qxd6 Qxd6 25. cxd6 Rd8 26. Rd1 Ne5 27. f4
Nf7 28. f5 Bd7 29. Bc4 Kf8 30. Bxf7 Kxf7 31. Ne2 g6 32. g4 gxf5 33. exf5 Rg8
34. h3 h5 35. Rd4 hxg4 36. hxg4 Re8 37. Kf2 Re5 38. Nf4 b6 39. a3 a6 40. Rc4 a5
41. Rd4 axb4 42. axb4 Re8 43. Nd3 Ra8 44. Re4 Re8 45. Rd4 Ra8 46. Kf3 Ra3 47.
Ke3 Ra8 48. Kf3 Rd8 49. Rc4 Bc8 50. Rd4 Bd7 51. Kf4 Re8 52. Kf3 Rd8 53. Nb2 c5
54. bxc5 bxc5 55. Rd2 Bb5 56. Kf4 c4 57. Nd1 Rc8 58. Nc3 Bd7 59. Rb2 Rc6 60.
Rd2 Rb6 61. Rd4 Rc6 62. Rd2 Rb6 63. Rd4 Rc6 64. Rd2 Rb6 1/2-1/2

[Event "Madrid ch Veteranos 2012-2013"]
[Site "Madrid ESP"]
[Date "2012.11.05"]
[Round "1.14"]
[White "Ortega Morales, Pedro"]
[Black "Rodriguez Lopez-Canizares, Fco"]
[Result "0-1"]
[WhiteElo "1862"]
[BlackElo "1647"]
[PlyCount "116"]
[EventDate "2012.11.05"]
[EventType "swiss"]
[EventRounds "9"]
[EventCountry "ESP"]
[Source "lmi"]
[SourceDate "2012.11.05"]

1. d4 Nf6 2. Bf4 e6 3. e3 c5 4. c3 b6 5. Nf3 Bb7 6. Bd3 d6 7. h3 h6 8. Nbd2 Be7
9. Qe2 O-O 10. O-O cxd4 11. exd4 Nbd7 12. Rfd1 Re8 13. Nf1 Nf8 14. Ba6 Bxa6 15.
Qxa6 Ng6 16. Bh2 d5 17. Qd3 Ne4 18. N3d2 f5 19. Nxe4 fxe4 20. Qg3 Bg5 21. Qg4
Qf6 22. Re1 Rf8 23. Qe2 Nf4 24. Bxf4 Qxf4 25. Ne3 Rf6 26. Ng4 Rf5 27. Ne5 Raf8
28. Ng6 Qxf2+ 29. Qxf2 Rxf2 30. Nxf8 Rxf8 31. Re2 Be7 32. Rf1 Bf6 33. g3 Rc8
34. Kg2 b5 35. a3 a5 36. h4 b4 37. axb4 axb4 38. Re3 bxc3 39. bxc3 Rb8 40. Rfe1
Rb2+ 41. R1e2 Rb1 42. Re1 Rb3 43. Kf2 g5 44. Rh1 Kg7 45. Ke2 Rb2+ 46. Kf1 Kg6
47. Re2 Rb1+ 48. Re1 Rb3 49. Rc1 Rb2 50. Rg1 Rd2 51. Rg2 Rxg2 52. Kxg2 gxh4 53.
gxh4 Bxh4 54. Kh3 Bg5 55. Rc2 Kf5 56. Rf2+ Bf4 57. Kg2 e3 58. Ra2 Ke4 0-1

[Event "Madrid ch Veteranos 2012-2013"]
[Site "Madrid ESP"]
[Date "2012.11.05"]
[Round "1.15"]
[White "Algaba Traspuesto, Jose Antoni"]
[Black "De Juan Rivas, Antonio"]
[Result "0-1"]
[WhiteElo "1625"]
[BlackElo "1857"]
[PlyCount "110"]
[EventDate "2012.11.05"]
[EventType "swiss"]
[EventRounds "9"]
[EventCountry "ESP"]
[Source "lmi"]
[SourceDate "2012.11.05"]

1. c4 e5 2. g3 c6 3. e4 Nf6 4. Nc3 Bc5 5. Bg2 d6 6. Nge2 Be6 7. d3 O-O 8. O-O
h6 9. Na4 Nbd7 10. Nxc5 Nxc5 11. f4 Bg4 12. h3 Bxe2 13. Qxe2 Ne6 14. Be3 c5 15.
Rf2 exf4 16. gxf4 Re8 17. Kh1 Re7 18. Rg1 Nh7 19. Qg4 Nef8 20. f5 Nf6 21. Qh4
Kh7 22. Bf3 Ng8 23. Rfg2 f6 24. Rg4 Nd7 25. Qg3 g5 26. fxg6+ Kg7 27. Qxd6 Ne5
28. Qxd8 Rxd8 29. Bxc5 Rc7 30. Bxa7 Rxd3 31. Bb8 Rxc4 32. Bxe5 Rxf3 33. Bg3 Re3
34. Rd1 Rcxe4 35. Rd7+ Re7 36. Rxe7+ Nxe7 37. Kg2 Re2+ 38. Kf3 Rxb2 39. Rc4
Kxg6 40. Bd6 Nf5 41. Bf8 Rxa2 42. Rc7 Rb2 43. Kg4 b5 44. h4 h5+ 45. Kh3 b4 46.
Rb7 b3 47. Ba3 Rb1 48. Rb4 Ne3 49. Re4 Nd1 50. Rb4 Nf2+ 51. Kg2 Nd3 52. Rb6 b2
53. Rb3 Kf5 54. Rxd3 Rg1+ 55. Kxg1 b1=Q+ 0-1

[Event "Madrid ch Veteranos 2012-2013"]
[Site "Madrid ESP"]
[Date "2012.11.05"]
[Round "1.17"]
[White "Perez Carballeira, Francisco"]
[Black "Hernandez Gutierrez, Jose"]
[Result "0-1"]
[WhiteElo "1608"]
[BlackElo "1854"]
[PlyCount "77"]
[EventDate "2012.11.05"]
[EventType "swiss"]
[EventRounds "9"]
[EventCountry "ESP"]
[Source "lmi"]
[SourceDate "2012.11.05"]

1. d4 Nf6 2. c4 e6 3. Nc3 Bb4 4. Qc2 O-O 5. Bg5 c5 6. Nf3 d6 7. dxc5 dxc5 8.
Nd2 h6 9. Bh4 Qd4 10. Bxf6 Qxf6 11. Nce4 Qe5 12. e3 Bd7 13. Rd1 Bc6 14. b3 Bxe4
15. Qc1 Rd8 16. f3 Bd3 17. Kf2 Bxf1 18. Rhxf1 Nc6 19. f4 Bxd2 20. Rxd2 Rxd2+
21. Qxd2 Qe4 22. Re1 Rd8 23. Qb2 Nb4 24. Kg1 Qc2 25. Qxc2 Nxc2 26. Re2 Nb4 27.
Kf2 Kf8 28. Kf3 f6 29. g4 g5 30. h3 Ke7 31. Kg3 Rd1 32. a3 Nc6 33. Kg2 Rd3 34.
b4 cxb4 35. axb4 Nxb4 36. Rb2 a5 37. Kf3 Rc3 38. h4 gxf4 39. Kxf4 0-1

[Event "Madrid ch Veteranos 2012-2013"]
[Site "Madrid ESP"]
[Date "2012.11.05"]
[Round "1.18"]
[White "Perez Cameselle, Francisco"]
[Black "Salgado Duarte, Pablo"]
[Result "1-0"]
[WhiteElo "1853"]
[BlackElo "1603"]
[PlyCount "57"]
[EventDate "2012.11.05"]
[EventType "swiss"]
[EventRounds "9"]
[EventCountry "ESP"]
[Source "lmi"]
[SourceDate "2012.11.05"]

1. e4 e5 2. Nf3 d6 3. d4 exd4 4. Nxd4 Nf6 5. Nc3 Be7 6. Bc4 Bd7 7. O-O O-O 8.
Re1 Nc6 9. f4 Nxd4 10. Qxd4 c5 11. Qd3 Bc6 12. Bd2 a6 13. a4 Qc7 14. Qe2 Rad8
15. Rad1 Bd7 16. h3 Be6 17. Nd5 Bxd5 18. exd5 Rfe8 19. Qf3 Qd7 20. a5 Qf5 21.
Bb3 Rc8 22. Ba4 Nd7 23. g4 Qf6 24. Bxd7 Rcd8 25. Bxe8 Rxe8 26. Bc3 Qg6 27. Re2
f6 28. Rde1 Qf7 29. b4 1-0

[Event "Madrid ch Veteranos 2012-2013"]
[Site "Madrid ESP"]
[Date "2012.11.05"]
[Round "1.20"]
[White "Osorio Ramos, Francisco"]
[Black "Veuthey Martinez, Eloy"]
[Result "1-0"]
[WhiteElo "1831"]
[BlackElo "1570"]
[PlyCount "107"]
[EventDate "2012.11.05"]
[EventType "swiss"]
[EventRounds "9"]
[EventCountry "ESP"]
[Source "lmi"]
[SourceDate "2012.11.05"]

1. d4 d6 2. Nf3 Nf6 3. g3 Nbd7 4. Bg2 e5 5. c4 c6 6. Nc3 Be7 7. O-O O-O 8. Qc2
Re8 9. b3 Qc7 10. Bb2 Nf8 11. Rac1 Ng6 12. Rfd1 Bg4 13. h3 Bd7 14. e4 Rad8 15.
Ba3 Qa5 16. dxe5 Qxa3 17. exf6 Bxf6 18. Nb1 Qc5 19. Re1 Bc8 20. Kh2 d5 21. cxd5
Qxc2 22. Rxc2 cxd5 23. exd5 Bf5 24. Rcc1 Be4 25. Nfd2 Bxg2 26. Rxe8+ Rxe8 27.
Kxg2 Rd8 28. Ne4 Rxd5 29. Rc8+ Nf8 30. Nxf6+ gxf6 31. Nc3 Rd2 32. Rb8 Rc2 33.
Ne4 f5 34. Nd6 Rxa2 35. Rxb7 Ra6 36. Nxf7 Rb6 37. Rxb6 axb6 38. Nh6+ Kg7 39.
Nxf5+ Kf6 40. Ne3 Ke5 41. Nc4+ Kd4 42. Nxb6 Kc3 43. f4 Ng6 44. Kf3 Kxb3 45. Ke4
Kb4 46. f5 Nf8 47. Kd5 Kc3 48. g4 Kd3 49. g5 Ke3 50. Ke5 Kf3 51. Nd5 Kg3 52.
Nf6 Kxh3 53. Nxh7 Nxh7 54. g6 1-0

[Event "Madrid ch Veteranos 2012-2013"]
[Site "Madrid ESP"]
[Date "2012.11.05"]
[Round "1.21"]
[White "Greppi Gonzalez, Jose Luis"]
[Black "Martinez Rubio, Felipe"]
[Result "0-1"]
[WhiteElo "1553"]
[BlackElo "1815"]
[PlyCount "140"]
[EventDate "2012.11.05"]
[EventType "swiss"]
[EventRounds "9"]
[EventCountry "ESP"]
[Source "lmi"]
[SourceDate "2012.11.05"]

1. e4 e6 2. d4 d5 3. exd5 exd5 4. h3 Nf6 5. Bg5 h6 6. Bxf6 Qxf6 7. Nf3 Bd6 8.
Qe2+ Be7 9. Qe5 c6 10. Nc3 Nd7 11. Qxf6 Bxf6 12. O-O-O O-O 13. Re1 b5 14. a3 a5
15. Bd3 Nb6 16. Na2 Be6 17. c3 Rac8 18. Kd2 Nc4+ 19. Bxc4 bxc4 20. g4 Rb8 21.
Rb1 Rb6 22. Ne1 Rfb8 23. Kc2 Be7 24. Ng2 Bd6 25. f3 c5 26. dxc5 Bxc5 27. Rhd1
Rd6 28. b4 cxb3+ 29. Rxb3 Rxb3 30. Kxb3 d4+ 31. Kb2 Rb6+ 32. Nb4 dxc3+ 33. Kxc3
axb4+ 34. axb4 Bxb4+ 35. Kc2 Ba3 36. Rd8+ Kh7 37. Nf4 Rc6+ 38. Kd1 Bb3+ 39. Ke1
Rf6 40. Rd3 Bb4+ 41. Kf2 Bc5+ 42. Kg3 Ba4 43. Ng2 Bd6+ 44. Kf2 Bb5 45. Rc3 Be5
46. Ra3 Bd4+ 47. Kg3 Ra6 48. Rb3 Bc6 49. Rd3 Bf6 50. h4 Be7 51. h5 Ra3 52. Ne1
Ra1 53. Ng2 Rf1 54. Rc3 Bd6+ 55. f4 Bxg2 56. Kxg2 Rxf4 57. Kh3 Ra4 58. Re3 Ra3
59. Rxa3 Bxa3 60. Kg3 Bd6+ 61. Kh4 Bf4 62. Kh3 Kg8 63. Kg2 Kf8 64. Kf3 Bg5 65.
Ke4 Ke7 66. Kf5 Kd6 67. Ke4 Ke6 68. Kf3 Ke5 69. Kg3 Ke4 70. Kf2 Kf4 0-1

[Event "Madrid ch Veteranos 2012-2013"]
[Site "Madrid ESP"]
[Date "2012.11.05"]
[Round "1.22"]
[White "Alvarez Escudero, Manuel"]
[Black "Jaumandreu Llopis, Antonio"]
[Result "1-0"]
[WhiteElo "1803"]
[BlackElo "1553"]
[PlyCount "77"]
[EventDate "2012.11.05"]
[EventType "swiss"]
[EventRounds "9"]
[EventCountry "ESP"]
[Source "lmi"]
[SourceDate "2012.11.05"]

1. e4 e5 2. Nf3 Nc6 3. Bc4 Nf6 4. Ng5 d5 5. exd5 Nxd5 6. d4 Be6 7. Nxe6 fxe6 8.
dxe5 Qh4 9. Bxd5 exd5 10. Qxd5 Rd8 11. Qe6+ Be7 12. O-O Rf8 13. g3 Nd4 14. gxh4
Nxe6 15. Nc3 a6 16. f4 Bxh4 17. Be3 Nd4 18. Rac1 Nf5 19. Bf2 Rd2 20. Ne4 Bxf2+
21. Rxf2 Rxf2 22. Kxf2 Nd4 23. Ke3 Nf5+ 24. Kd3 Ke7 25. Ng3 Ke6 26. Ke4 g6 27.
Rd1 h5 28. Ne2 Rf7 29. c3 Rd7 30. Nd4+ Ke7 31. Rg1 Nh4 32. Rg3 c5 33. Nf3 Nxf3
34. Kxf3 Rd3+ 35. Ke2 Rxg3 36. hxg3 b5 37. Ke3 Ke6 38. Ke4 a5 39. a3 1-0

[Event "Madrid ch Veteranos 2012-2013"]
[Site "Madrid ESP"]
[Date "2012.11.05"]
[Round "1.23"]
[White "Moral Gonzalez, Vicente"]
[Black "Fernandez Garcia, Ignacio"]
[Result "0-1"]
[WhiteElo "1521"]
[BlackElo "1794"]
[PlyCount "52"]
[EventDate "2012.11.05"]
[EventType "swiss"]
[EventRounds "9"]
[EventCountry "ESP"]
[Source "lmi"]
[SourceDate "2012.11.05"]

1. e4 e6 2. Nf3 d5 3. exd5 exd5 4. d3 Nf6 5. h3 Bd6 6. Bg5 O-O 7. Be2 c5 8. Qd2
Be6 9. d4 Nbd7 10. Nc3 a6 11. dxc5 Bxc5 12. Rd1 Qc7 13. Bf4 Qc8 14. O-O b5 15.
Rfe1 b4 16. Nb1 Ne4 17. Qc1 Bxf2+ 18. Kf1 Ndf6 19. Ng5 Qc5 20. Rd3 h6 21. Nxe6
fxe6 22. Red1 Bg1 23. Rf3 Nh5 24. Be3 Bxe3 25. Nd2 Nhg3+ 26. Ke1 Bf2+ 0-1

[Event "Madrid ch Veteranos 2012-2013"]
[Site "Madrid ESP"]
[Date "2012.11.05"]
[Round "1.24"]
[White "Leniz Martinez, Francisco"]
[Black "Infante Martin, Alonso"]
[Result "1-0"]
[WhiteElo "1783"]
[BlackElo "1510"]
[PlyCount "81"]
[EventDate "2012.11.05"]
[EventType "swiss"]
[EventRounds "9"]
[EventCountry "ESP"]
[Source "lmi"]
[SourceDate "2012.11.05"]

1. e4 e5 2. Nf3 Nc6 3. Bb5 a6 4. Ba4 Nf6 5. O-O b5 6. Bb3 Na5 7. Re1 d6 8. d4
Be7 9. dxe5 dxe5 10. Qxd8+ Bxd8 11. Nxe5 Nxb3 12. axb3 Bb7 13. f3 O-O 14. Nd3
Be7 15. Be3 Nd7 16. Nc3 c5 17. Rad1 Rfd8 18. Nf4 Rac8 19. Nfd5 Bf8 20. Bg5 f6
21. Be3 b4 22. Ne2 Ne5 23. c4 a5 24. Nef4 Rd6 25. Nd3 Nxd3 26. Rxd3 Ba6 27. Rc1
Bb7 28. Ra1 Ra6 29. Rdd1 Bc6 30. Rdc1 Bd6 31. Rd1 Rca8 32. Nxf6+ gxf6 33. Rxd6
Kf7 34. Bxc5 Re8 35. Bd4 Re6 36. Rxe6 Kxe6 37. Kf2 a4 38. bxa4 b3 39. a5 Ra8
40. Ra3 Rb8 41. Bb6 1-0

[Event "Madrid ch Veteranos 2012-2013"]
[Site "Madrid ESP"]
[Date "2012.11.05"]
[Round "1.25"]
[White "Sanchez Lucena, Juan"]
[Black "Garcia Lopez, Pedro"]
[Result "0-1"]
[WhiteElo "1411"]
[BlackElo "1779"]
[PlyCount "86"]
[EventDate "2012.11.05"]
[EventType "swiss"]
[EventRounds "9"]
[EventCountry "ESP"]
[Source "lmi"]
[SourceDate "2012.11.05"]

1. d4 f5 2. c4 g6 3. Bg5 Bg7 4. e3 c5 5. Nc3 cxd4 6. exd4 Nc6 7. Nge2 Qb6 8.
Na4 Qb4+ 9. Bd2 Qxc4 10. b3 Qf7 11. Bc3 b5 12. d5 Ne5 13. Nb2 d6 14. Bxe5 Bxe5
15. Rb1 Nf6 16. f4 Bxb2 17. Rxb2 Nxd5 18. Qd4 O-O 19. g3 e5 20. fxe5 dxe5 21.
Qxe5 Re8 22. Qd4 Re4 23. Qc5 Bb7 24. Qxb5 Rc8 25. Kf2 Ne3 26. Rd2 Re7 27. Rg1
Ng4+ 28. Ke1 Rc1+ 29. Rd1 Rxd1+ 30. Kxd1 Nxh2 31. Bg2 Rd7+ 32. Ke1 Bxg2 33.
Rxg2 Ng4 34. Nf4 Nf6 35. Re2 Ne4 36. Qb8+ Qf8 37. Qe5 Qb4+ 38. Kf1 Qd6 39. Qe8+
Kg7 40. Ne6+ Kf6 41. Qh8+ Kxe6 42. Qg8+ Kf6 43. Qf8+ Rf7 0-1